Eurovision 2025 - Semi-final 2 - Statistics

General Stats
  • This quiz has been taken 82 times
  • The average score is 15 of 16
Answer Stats
Participants % Correct
Finland
96%
Austria
95%
Denmark
95%
Lithuania
95%
Czechia
93%
Latvia
93%
Australia
92%
Ireland
92%
Armenia
90%
Greece
90%
Malta
90%
Israel
89%
Serbia
89%
Luxembourg
88%
Georgia
85%
Montenegro
82%
No matching quizzes found
Score Distribution
Percent of People with Each Score
Percentile by Number Answered
Your Score History
You have not taken this quiz